LIBRARY & INFORMATION CENTRE, KCAET, TAVANUR

ONLINE PUBLIC ACCESS CATALOGUE (OPAC)

Effect of mulching and nutrient sources on the production of salad cucumber inside and outside naturally ventilated greenhouse (Record no. 14070)

MARC details
000 -LEADER
fixed length control field 00529nam a2200145 4500
082 ## - DEWEY DECIMAL CLASSIFICATION NUMBER
Classification number 631.56
Item number DAY/EF
100 ## - MAIN ENTRY--AUTHOR NAME
Personal name Dayana Scaria
245 ## - TITLE STATEMENT
Title Effect of mulching and nutrient sources on the production of salad cucumber inside and outside naturally ventilated greenhouse
260 ## - PUBLICATION, DISTRIBUTION, ETC. (IMPRINT)
Place of publication Tavanur
Name of publisher Department of IDE
Year of publication 2007
700 ## - ADDED ENTRY--PERSONAL NAME
Personal name Manoj K Unni
700 ## - ADDED ENTRY--PERSONAL NAME
Personal name Soniya Baby
700 ## - ADDED ENTRY--PERSONAL NAME
Personal name Mathew E.K (Guide)
856 ## - ELECTRONIC LOCATION AND ACCESS
Uniform Resource Identifier https://drive.google.com/file/d/0B8K9-c_S7d7WeGNKamVRWGJEcm8/edit?usp=sharing
942 ## - ADDED ENTRY ELEMENTS (KOHA)
Koha item type Project Report
Holdings
Home library Current library Full call number Accession Number Koha item type
KAUAET KAUAET 631.56 DAY/EF P186 Project Report
free website counter